000 00982nam a2200253Ia 4500
003 OSt
005 20220923211154.0
006 a|||||r|||| 00| 0
007 ta
008 220922b |||||||| |||| 00| 0 hin d
020 _a8187733241 (hbk)
_c550
024 _a239,072
037 _b454, 21/03/2009, Vani Prakashan
_cTextual
040 _aARTS
_cARTS
_bhin
041 _2hin
_ahin
082 _aY5927:4.2, 152P8
100 _aनैमिशराय, मोहनदास, संपा.
_9159147
245 0 _aदलित उत्पीड़न की परम्परा और वर्तमान
246 _aDalit utpīड़n kī paramparā aur vartamāna
260 _aदिल्ली
_b गौतम बुक सेन्टर
_c2008
300 _a320पृ.
_ccm.
942 _hY5927:4.2, 152P8
_cTEXL
_2CC
999 _c296337
_d296337